00328nam a2200133Ia 45000030006000000080041000060400015000471000020000622450034000822600043001163000006001595460012001650050017001770STCL150530s9999 xx 000 0 und d aSTCLcSTCL aPalanichamy, S. aJournal of Eco Biology: March bPalani Paramount; Palanic2006aPalani a0 aEnglish20220125165915.0